Homines, funera, astra 2 : life beyond death in ancient times : (Romanian case studies) : proceedings of the International Symposium on Funerary Anthropology 23-26 September 2012, '1 Decembrie 1918' University (Alba Iulia, Romania) /

The present volume reunites most of the papers that were presented at the second meeting of the Homines, Funera, Astra Symposium on Funerary Anthropology that took place at '1 Decembrie 1918' University, Alba Iulia, between 23rd and 26th September 2012. The theme of the volume is life beyo...

وصف كامل

محفوظ في:

مؤلف مشترك: International Symposium on Funerary Anthropology Universitatea "1 decembrie 1918" Alba Iulia, Romania)

مؤلفون آخرون: Kogălniceanu, Raluca (المحرر), Gligor, Mihai (المحرر), Curcă, Roxana-Gabriela (المحرر), Stratton, Susan (المحرر)

التنسيق: وقائع المؤتمر كتاب الكتروني

اللغة: English

منشور في: Oxford : Archaeopress Publishing Ltd, [2015]

الموضوعات:

الوصول للمادة أونلاين: Login to view Source

الوسوم: إضافة وسم

لا توجد وسوم, كن أول من يضع وسما على هذه التسجيلة!

رقم الطلب: GT3269.A2 I58 2015

LEADER 02292nam a2200433 i 4500
001 EDZ0001353090
003 StDuBDS
005 20230412181624.0
006 m|||||o||d||||||||
007 cr |||||||||||
008 160314t20152015enka fo 100|0|eng|d
020 |a 9781784912079 (PDF ebook) :  |c £32.00 
040 |a StDuBDS  |b eng  |c StDuBDS  |e rda  |e pn 
050 0 |a GT3269.A2  |b I58 2015 
082 0 4 |a 393.109498  |2 23 
111 2 |a International Symposium on Funerary Anthropology  |d (2012 :  |c Universitatea "1 decembrie 1918" Alba Iulia, Romania),  |j creator. 
245 1 0 |a Homines, funera, astra 2 :  |b life beyond death in ancient times : (Romanian case studies) : proceedings of the International Symposium on Funerary Anthropology 23-26 September 2012, '1 Decembrie 1918' University (Alba Iulia, Romania) /  |c edited by Raluca Kogălniceanu, Mihai Gligor, Roxana-Gabriela Curcă, Susan Stratton. 
264 1 |a Oxford :  |b Archaeopress Publishing Ltd,  |c [2015] 
264 4 |c ©2015 
300 |a 1 online resource :  |b illustrations (black and white) 
336 |a text  |2 rdacontent 
336 |a still image  |2 rdacontent 
337 |a computer  |2 rdamedia 
338 |a online resource  |2 rdacarrier 
520 8 |a The present volume reunites most of the papers that were presented at the second meeting of the Homines, Funera, Astra Symposium on Funerary Anthropology that took place at '1 Decembrie 1918' University, Alba Iulia, between 23rd and 26th September 2012. The theme of the volume is life beyond death in ancient times. 
521 |a Specialized. 
588 |a Description based on online resource; title from home page (viewed on March 14, 2016). 
650 0 |a Funeral rites and ceremonies  |z Romania  |v Congresses. 
650 0 |a Burial  |z Romania  |v Congresses. 
651 0 |a Romania  |x Antiquities  |v Congresses. 
700 1 |a Kogălniceanu, Raluca,  |e editor. 
700 1 |a Gligor, Mihai,  |e editor. 
700 1 |a Curcă, Roxana-Gabriela,  |e editor. 
700 1 |a Stratton, Susan,  |e editor. 
776 0 8 |i Print version :  |z 9781784912062 
856 4 0 |3 Archaeopress  |u http://library.arce.org:8087/Archaeopress/Products/9781784912062 
942 |2 lcc  |c EBOOK 
952 |0 0  |1 0  |4 0  |6 GT3269 A2  |7 1  |9 46096  |a ARCH  |b ARCH  |d 2023-04-12  |l 0  |o GT3269.A2  |r 2023-04-12 00:00:00  |w 2023-04-12  |y EBOOK 
999 |c 51754  |d 51754